| 000 | 00449nam a2200193Ia 4500 | ||
|---|---|---|---|
| 008 | 180523s9999 xx 000 0 und d | ||
| 020 | _a81-7521-136-5 | ||
| 050 | _aMAIN GV 837 | ||
| 050 | _b.J35 2003 | ||
| 100 | _aJain, R. | ||
| 245 | 0 | _aPlay and learn swimming / | |
| 245 | 0 | _cR. Jain. | |
| 260 | _aNew Delhi : | ||
| 260 | _bKhel Sahitya Kendra, | ||
| 260 | _c2003 | ||
| 300 | _a113 pages : | ||
| 300 | _c22 cm. | ||
| 650 | _aSwimming. | ||
| 999 |
_c356732 _d356732 |
||